01894nam a22002657a 450000500170000001000150001702000260003203500130005803700130007108200220008410000210010624500960012726000390022327000790026230000260034150000510036750509880041865000600140665000350146665000390150165000250154065000250156565000180159070000200160820140416150337.0 aENG-109243 a9788132111597c795.00 aEN-92776 bDBAD/PUB00a338.4700409542231 aNizami, Nausheen10aDecent work :binsights from India's IT industry /cby Nausheen Nizami [and] Narayan Prasad aNew DelhibSage Publicationsc2013 aB1/I-1, Mohan Cooperative Industrial Area, Mathura RoadbNew Delhie110044 axxxii,278p.c24cm(Hb) aIncludes bibliographical references and index.0 aConcept and philosophy -- Theoretical foundations of decent work -- Measuring decent work -- Selected decent work indicators in detail -- An introduction to global information economy and information technology -- India's information technology (IT) industry in the global information economy -- Key features of it industry?'s labour market : a critical review -- Empirical studies on IT industry and its labour market -- Applicability of decent work to India's information technology industry -- Introduction, methodology of the study and key features of the sample -- Decent work and productive employment -- Decent work and flexi-time work in IT industry -- Decent work and safe work -- Decent work and work-life balance of IT employees -- Decent work, employment conditions and social dialogue in IT industry -- Decent workplace and IT industry in india -- Decent work in IT industry : overall scenario -- Conclusion and policy implications of assessment of decent work in India. 0aComputer industryxEmployeesxSupply and demandzInida. 0aInformation technologyzIndia. 0aComputer software industryzIndia. 0aLabor marketzInida. 0aLabor policyzIndia. 0aLaborzIndia.1 aPrasad, Narayan